000 00977 a2200241 4500
001 44451
005 20260407155721.0
008 260407a2017 arg spa d
003 AR-UNSa-BCEJYS
040 _aAR-UNSa-BCEJYS
_bspa
_cAR-UNSa-BCEJYS
080 _a657-051
_xProfesional en Ciencias Económicas (Contador...)
245 1 0 _aConsultas frecuentes
_porientación profesional
020 _a978-987-01-2041-4
250 _a10a. ed.
264 1 _aBuenos Aires :
_bErrepar
_c2017
300 _axxxiii, 503 p.
_c27 cm.
505 _a1. Impuestos - 2. Trabajo y previsión social - 3. Recursos de la seguridad social - 4. Regímenes laborales - 5. Sociedades & concursos - 6. Contabilidad y auditoría - 7. Consultas de períodos no prescriptos
041 _aspa
942 _cBK
590 _aniveau_biblio:m niveau_hierar:0
100 1 _aCerchiara, Claudia M.
856 4 1 _uhttps://www.biblioeco.unsa.edu.ar/pmb/images/libros/L126885.jpg
_yImagen de portada
_qimage/jpeg
999 _c3792
_d3792